[Event "Steyr Landesliga 1920"]
[Site "Austria"]
[Date "2020.03.07"]
[Round "9.5"]
[White "Steininger, Friedrich"]
[Black "Nuster, Erwin"]
[Result "0-1"]
[WhiteElo "2060"]
[BlackElo "2125"]
[PlyCount "76"]
[EventDate "2019.09.28"]
[EventType "team-tourn"]
[EventRounds "11"]
[EventCountry "AUT"]
[SourceTitle "CBM 195 Extra"]
[Source "ChessBase"]
[SourceDate "2020.05.31"]
[SourceVersion "1"]
[SourceVersionDate "2020.05.31"]
[SourceQuality "1"]
[WhiteTeam "Baernbach"]
[BlackTeam "Feldbach Kirchberg"]
[WhiteTeamCountry "AUT"]
[BlackTeamCountry "AUT"]

1. d4 g6 2. e4 Bg7 3. Nf3 d6 4. Be2 Nf6 5. Nc3 0-0 6. 0-0 Nc6 7. h3 e5 8. dxe5 Nxe5 9. Nxe5 dxe5 10. Bg5 c6 11. Qc1 Qc7 12. Qe3 Be6 13. Rfd1 Ne8 14. Bh4 f6 15. Bg4 f5 16. exf5 gxf5 17. Be2 b6 18. a4 Nd6 19. a5 Nf7 20. Bh5 Nd6 21. axb6 axb6 22. Rxa8 Rxa8 23. b3 Rf8 24. Qd2 Nb7 25. Qg5 e4 26. Ne2 h6 27. Qe3 c5 28. Bg3 Qc6 29. Bf4 Bf7 30. Bxf7+ Rxf7 31. Qg3 Kh7 32. Be5 Rd7 33. Ra1 Na5 34. Bxg7 Rxg7 35. Qe5 Qd7 36. Nf4 Nc6 37. Qf6 Nd4 38. Ra8 Nf3+ 0-1

[Event "Graz-ch"]
[Site "Graz"]
[Date "2011.01.21"]
[Round "7"]
[White "Steininger, Friedrich"]
[Black "Gutmann, Alois"]
[Result "0-1"]
[WhiteElo "2113"]
[BlackElo "2060"]
[PlyCount "68"]
[EventDate "2011.01.07"]
[EventType "swiss"]
[EventRounds "7"]
[EventCountry "AUT"]
[SourceTitle "CBM 140 Extra"]
[Source "ChessBase"]
[SourceDate "2011.03.01"]
[SourceVersion "1"]
[SourceVersionDate "2011.03.01"]
[SourceQuality "1"]

1. d4 e6 2. c4 b6 3. e4 Bb7 4. Bd3 Bb4+ 5. Bd2 Bxd2+ 6. Qxd2 f5 7. Nc3 Nf6 8. f3 Nc6 9. Nge2 fxe4 10. fxe4 0-0 11. 0-0 Ng4 12. h3 Nh6 13. Rxf8+ Qxf8 14. Rf1 Qe7 15. Qf4 e5 16. Qf2 exd4 17. Nd5 Qc5 18. Qg3 Qd6 19. Nxc7 Qxg3 20. Nxg3 Rc8 21. Nd5 Rf8 22. Rd1 Re8 23. Bc2 Rf8 24. b4 g6 25. Bb3 Kg7 26. b5 Ne5 27. Rxd4 Nhf7 28. Nf1 Ng5 29. c5 Ngf3+ 30. gxf3 Nxf3+ 31. Kg2 Nxd4 32. cxb6 axb6 33. Ng3 Nxb3 34. axb3 Bxd5 0-1

[Event "Graz op-A 17th"]
[Site "Graz"]
[Date "2010.09.01"]
[Round "5"]
[White "Huber, Martin Christian"]
[Black "Steininger, Friedrich"]
[Result "1-0"]
[WhiteElo "1951"]
[BlackElo "2129"]
[PlyCount "67"]
[EventDate "2010.08.21"]
[EventType "swiss"]
[EventRounds "9"]
[EventCountry "AUT"]
[SourceTitle "CBM 138 Extra"]
[Source "ChessBase"]
[SourceDate "2010.10.29"]
[SourceVersion "1"]
[SourceVersionDate "2010.10.29"]
[SourceQuality "1"]

1. d4 d5 2. c4 Nc6 3. Nc3 dxc4 4. Nf3 Bg4 5. e3 e6 6. Bxc4 Nf6 7. 0-0 Be7 8. b3 0-0 9. Bb2 a6 10. Rc1 Nb4 11. a3 Nbd5 12. Bd3 Bd6 13. Ne2 Nh5 14. Ne5 Bxe5 15. dxe5 Qg5 16. Qc2 Rad8 17. Bd4 Bxe2 18. Bxe2 Nhf4 19. Bf3 Ng6 20. Be4 b6 21. f4 Qe7 22. Bxd5 Rxd5 23. Qxc7 Qxa3 24. Qxb6 Rb5 25. Qc6 Qxb3 26. Qxa6 h5 27. Qc6 Rd5 28. Rc3 Qa2 29. Rd3 h4 30. Qc3 h3 31. Rd2 Qa8 32. e4 Rc8 33. Qxh3 Nxf4 34. Qe3 1-0

[Event "Graz op-A 17th"]
[Site "Graz"]
[Date "2010.08.31"]
[Round "4"]
[White "Steininger, Friedrich"]
[Black "Halvax, Georg"]
[Result "0-1"]
[WhiteElo "2129"]
[BlackElo "2255"]
[PlyCount "56"]
[EventDate "2010.08.21"]
[EventType "swiss"]
[EventRounds "9"]
[EventCountry "AUT"]
[SourceTitle "CBM 138 Extra"]
[Source "ChessBase"]
[SourceDate "2010.10.29"]
[SourceVersion "1"]
[SourceVersionDate "2010.10.29"]
[SourceQuality "1"]

1. d4 d5 2. c4 e6 3. Nc3 c6 4. e3 Nf6 5. Nf3 Nbd7 6. Qc2 Bd6 7. Bd3 dxc4 8. Bxc4 0-0 9. 0-0 a6 10. a3 e5 11. dxe5 Nxe5 12. Nxe5 Bxe5 13. f4 Bxc3 14. bxc3 Qe7 15. Bd3 Re8 16. a4 c5 17. Rb1 h6 18. Rb6 Nd5 19. Rb2 Nxe3 20. Bxe3 Qxe3+ 21. Kh1 Bd7 22. Rxb7 Bxa4 23. Qa2 Rf8 24. Bg6 Be8 25. f5 Qd3 26. Rbb1 Bb5 27. Bh5 Qxc3 28. Rfc1 Qe5 0-1

[Event "AUT-chT2M 0405"]
[Site "Austria"]
[Date "2004.10.16"]
[Round "1.6"]
[White "Steininger, Friedrich"]
[Black "Schriebl, Alexander"]
[Result "1/2-1/2"]
[WhiteElo "2170"]
[BlackElo "2088"]
[PlyCount "77"]
[EventDate "2004.10.16"]
[EventType "team-tourn"]
[EventRounds "11"]
[EventCountry "AUT"]
[SourceTitle "EXT 2005"]
[Source "ChessBase"]
[SourceDate "2004.11.15"]
[SourceVersion "1"]
[SourceVersionDate "2004.11.15"]
[SourceQuality "1"]
[WhiteTeam "Graz Strassenbahn"]
[BlackTeam "Klagenfurter Die"]
[WhiteTeamCountry "AUT"]
[BlackTeamCountry "AUT"]

1. e4 d5 2. exd5 Nf6 3. Bb5+ Bd7 4. Bc4 b5 5. Bb3 a5 6. a4 bxa4 7. Bxa4 Bxa4 8. Rxa4 Nxd5 9. Nc3 e6 10. Qf3 Nc6 11. Nge2 Ncb4 12. Nxd5 Qxd5 13. Qxd5 exd5 14. Kd1 Bd6 15. d3 Kd7 16. Bf4 Rhe8 17. Bxd6 Kxd6 18. Nc1 c5 19. Nb3 Nc6 20. Re1 Reb8 21. Re3 Rb4 22. Rxb4 cxb4 23. Rh3 a4 24. Nc1 a3 25. bxa3 bxa3 26. Rxh7 a2 27. Nxa2 Rxa2 28. Rxg7 Ke6 29. Rg4 Ne5 30. Rd4 Ra1+ 31. Ke2 Rc1 32. c4 dxc4 33. dxc4 Nxc4 34. Kf3 Ne5+ 35. Kg3 Rc3+ 36. f3 Rc8 37. h4 Rg8+ 38. Kh3 f6 39. Ra4 1/2-1/2

[Event "Oberwart op 25th"]
[Site "Oberwart"]
[Date "2003.07.05"]
[Round "1"]
[White "Manik, Mikulas"]
[Black "Steininger, Friedrich"]
[Result "1-0"]
[WhiteElo "2471"]
[BlackElo "2211"]
[PlyCount "81"]
[EventDate "2003.07.05"]
[EventType "swiss"]
[EventRounds "9"]
[EventCountry "AUT"]
[SourceTitle "CBM 095 Extra"]
[Source "ChessBase"]
[SourceDate "2003.09.04"]
[SourceVersion "1"]
[SourceVersionDate "2003.09.04"]
[SourceQuality "1"]

1. e4 e6 2. d4 d5 3. Nd2 Nc6 4. Ngf3 Nf6 5. e5 Nd7 6. Bb5 a5 7. 0-0 Na7 8. Bd3 c5 9. c4 Nc6 10. Nb3 dxc4 11. Bxc4 cxd4 12. Bf4 Nb6 13. Bd3 Nd5 14. Bg3 Bd7 15. Nfxd4 Qb6 16. Be4 a4 17. Nxc6 bxc6 18. Nd4 a3 19. b3 Bb4 20. Nf3 Ne3 21. fxe3 Qxe3+ 22. Kh1 Qxe4 23. Ng5 Qg6 24. Nxf7 0-0 25. Qxd7 Rxf7 26. Qxc6 Raf8 27. Rxf7 Rxf7 28. Qc4 Be7 29. b4 h5 30. b5 h4 31. b6 hxg3 32. b7 Rf8 33. Rf1 Rd8 34. Qc8 Kh7 35. Qxd8 Bxd8 36. b8Q Qh5 37. h3 Qe2 38. Qb1+ Kh6 39. Rf8 Bb6 40. Qxb6 Qe1+ 41. Qg1 1-0

[Event "Graz op"]
[Site "Graz"]
[Date "2002.??.??"]
[Round "4"]
[White "Steininger, Friedrich"]
[Black "Freitag, Manfred"]
[Result "0-1"]
[WhiteElo "2225"]
[BlackElo "2388"]
[PlyCount "86"]
[EventDate "2002.??.??"]
[EventType "swiss"]
[EventRounds "9"]
[EventCountry "AUT"]
[SourceTitle "EXT 2003"]
[Source "ChessBase"]
[SourceDate "2002.11.25"]
[SourceVersion "1"]
[SourceVersionDate "2002.11.25"]
[SourceQuality "1"]

1. d4 Nf6 2. c4 g6 3. Nc3 Bg7 4. Nf3 0-0 5. e4 d6 6. Be2 e5 7. 0-0 Na6 8. dxe5 dxe5 9. Be3 Ng4 10. Bg5 f6 11. Bd2 c6 12. Ne1 Nh6 13. Be3 Qe7 14. Nc2 Rd8 15. Qb1 Ng4 16. Bxg4 Bxg4 17. f3 Be6 18. b3 Rd3 19. Qe1 Rad8 20. Na4 b6 21. Nb2 R3d7 22. Qe2 f5 23. Rad1 fxe4 24. fxe4 Qh4 25. Rxd7 Rxd7 26. c5 b5 27. Bf2 Qg4 28. Qe3 Qf4 29. Rd1 Rxd1+ 30. Nxd1 Qxe3 31. Bxe3 Bf8 32. Nf2 Nxc5 33. b4 Nxe4 34. Nxe4 Bf5 35. Nf6+ Kg7 36. Nd4 Kxf6 37. Nxc6 Bd7 38. Nxa7 Bxb4 39. Kf2 Ke6 40. Kf3 Kd5 41. h3 Bd6 42. g4 e4+ 43. Ke2 b4 0-1

[Event "Graz op"]
[Site "Graz"]
[Date "2002.??.??"]
[Round "3"]
[White "Watzka, Horst"]
[Black "Steininger, Friedrich"]
[Result "1/2-1/2"]
[WhiteElo "2364"]
[BlackElo "2225"]
[PlyCount "27"]
[EventDate "2002.??.??"]
[EventType "swiss"]
[EventRounds "9"]
[EventCountry "AUT"]
[SourceTitle "EXT 2003"]
[Source "ChessBase"]
[SourceDate "2002.11.25"]
[SourceVersion "1"]
[SourceVersionDate "2002.11.25"]
[SourceQuality "1"]

1. e4 e6 2. d4 d5 3. Nd2 Nc6 4. Ngf3 Nf6 5. e5 Nd7 6. Bb5 a5 7. 0-0 Na7 8. Be2 c5 9. dxc5 Nc6 10. Bb5 Nxc5 11. Nb3 Bd7 12. Nbd4 Be7 13. c3 0-0 14. Bf4 1/2-1/2